[Event "10.Città di Padova Open A"]
[Site "Padova Ex Fornace Carotta"]
[Date "2007.12.22"]
[Round "8.7"]
[White "Cardili, Mariano"]
[Black "Vuelban, Virgilio"]
[Result "1-0"]
[WhiteElo "2100"]
[BlackElo "2399"]
[Annotator "Gabriele Ballarin"]
[PlyCount "89"]
[EventDate "2007.12.15"]
[EventType "swiss"]
[EventRounds "9"]
[EventCountry "ITA"]

1. d4 Nf6 2. c4 g6 3. Nc3 Bg7 4. e4 d6 5. Nf3 O-O 6. Be2 e5 7. O-O Nc6 8. d5 Ne7 9. Ne1 Nd7 10. Nd3 f5 11. Bd2 Nf6 12. f3 f4 13. Rc1 g5 14. c5 Ng6 15. cxd6 cxd6 16. Nb5 Rf7 17. Qc2 Ne8 18. a4 h5 19. Nf2 Bd7 20. Qb3 Qb8 21. a5 Bf6 22. Rc2 Bd8 23. Rfc1 Rg7 24. Bb4 Nh8 25. h3 Nf7 26. Na3 a6 27. Nc4 Nh6 28. Ba3 Nf7 29. Bb4 Kh8 30. Qa3 Rg6 31. Nd3 Qa7+ 32. Kf1 Bb5 33. Be1 Bd7 34. Bf2 Qb8 35. Bb6 Bb5 36. Ncxe5 Nxe5 37. Nxe5 dxe5 38. Qf8+ Kh7 39. Bxb5 Bxb6 40. Qxe8 Bxa5 41. Rc8 Qxc8 42. Rxc8 Rxc8 43. Qxc8 axb5 44. Qxb7+ Kh6 45. Qa8 1-0

[Event "10.Città di Padova Open A"]
[Site "Padova Ex Fornace Carotta"]
[Date "2007.12.22"]
[Round "8.8"]
[White "Sgaravatti, Francesco"]
[Black "De Santis, Alessio"]
[Result "1-0"]
[WhiteElo "2175"]
[BlackElo "2367"]
[Annotator "Gabriele Ballarin"]
[PlyCount "97"]
[EventDate "2007.12.15"]
[EventType "swiss"]
[EventRounds "9"]
[EventCountry "ITA"]

1. e4 c5 2. Nf3 e6 3. d4 cxd4 4. Nxd4 a6 5. Bd3 Qc7 6. O-O Nf6 7. Re1 h5 8. Nf3 Ng4 9. Nbd2 Bc5 10. Re2 Nc6 11. Nb3 Ba7 12. g3 h4 13. Bf4 e5 14. Be3 hxg3 15. Bxa7 Rxa7 16. hxg3 d6 17. Qd2 f6 18. Kg2 g5 19. Ree1 Be6 20. Rh1 Rf8 21. Rad1 Ra8 22. Be2 Qb6 23. Rdf1 Rd8 24. Ne1 d5 25. Bxg4 Bxg4 26. exd5 Nb4 27. c4 Nxa2 28. Qd3 Be6 29. Nc2 Nb4 30. Nxb4 Qxb4 31. Nd2 b5 32. b3 Bf7 33. Ne4 Bg6 34. Nd6+ Rxd6 35. Qxg6+ Kd8 36. Rc1 Rd7 37. Qc2 bxc4 38. bxc4 Qc5 39. Qa4 f5 40. Rb1 Qd6 41. Qa5+ Ke8 42. Rb6 Qc7 43. Qxa6 f4 44. Rc6 f3+ 45. Kg1 Qb7 46. Rc8+ Kf7 47. Rxf8+ Kxf8 48. Qf6+ Ke8 49. Rh8# 1-0

[Event "10.Città di Padova Open A"]
[Site "Padova Ex Fornace Carotta"]
[Date "2007.12.22"]
[Round "8.10"]
[White "Palumbo, Giuseppe"]
[Black "Rossi, Carlo"]
[Result "0-1"]
[WhiteElo "1613"]
[BlackElo "2342"]
[Annotator "Gabriele Ballarin"]
[PlyCount "46"]
[EventDate "2007.12.15"]
[EventType "swiss"]
[EventRounds "9"]
[EventCountry "ITA"]

1. e4 b6 2. d4 Bb7 3. Nc3 e6 4. Bd3 c5 5. Nf3 cxd4 6. Nxd4 a6 7. a4 Qc7 8. O-O Nf6 9. Bd2 h5 10. Kh1 Ng4 11. f4 g5 12. e5 Bc5 13. Nce2 Nc6 14. c3 gxf4 15. Bxf4 Ncxe5 16. Bc2 Bd5 17. b4 Rg8 18. Nf3 Qb7 19. Ned4 Bxd4 20. Nxd4 Nf3 21. gxf3 Rc8 22. Rc1 Rxc3 23. Be4 Rxc1 0-1

[Event "10.Città di Padova Open A"]
[Site "Padova Ex Fornace Carotta"]
[Date "2007.12.22"]
[Round "8.11"]
[White "Battagin_214, Mosè"]
[Black "Pomaro, Alberto"]
[Result "0-1"]
[WhiteElo "1701"]
[BlackElo "2153"]
[Annotator "Gabriele Ballarin"]
[PlyCount "78"]
[EventDate "2007.12.15"]
[EventType "swiss"]
[EventRounds "9"]
[EventCountry "ITA"]

1. e4 e6 2. d4 d5 3. Nc3 Bb4 4. e5 c5 5. a3 Bxc3+ 6. bxc3 Ne7 7. Qg4 O-O 8. Bd3 Nbc6 9. Nf3 f5 10. Qh3 Qa5 11. Bd2 c4 12. Be2 Qa4 13. Bd1 Qb5 14. O-O Qb2 15. Rc1 Qxa3 16. Kh1 Ng6 17. Rg1 Qe7 18. Ng5 h6 19. Nf3 Bd7 20. g4 Be8 21. Be2 Qf7 22. g5 h5 23. Qxh5 Qc7 24. Qh3 Kf7 25. Qg3 Rh8 26. Rce1 b5 27. h4 Ke7 28. Kg2 Kd7 29. Rh1 Nge7 30. Ra1 Bh5 31. Rhb1 Rab8 32. Ng1 Ng6 33. Bxh5 Rxh5 34. Nf3 Qb6 35. Bc1 Rbh8 36. Ba3 Nxh4+ 37. Nxh4 Rxh4 38. Bc5 Qb8 39. f3 f4 0-1

[Event "10.Città di Padova Open A"]
[Site "Padova Ex Fornace Carotta"]
[Date "2007.12.22"]
[Round "8.12"]
[White "Gallo, Enrico"]
[Black "Litrico, Paolo"]
[Result "1-0"]
[WhiteElo "2077"]
[BlackElo "1823"]
[Annotator "Gabriele Ballarin"]
[PlyCount "93"]
[EventDate "2007.12.15"]
[EventType "swiss"]
[EventRounds "9"]
[EventCountry "ITA"]

1. e4 g6 2. d4 Bg7 3. Nc3 d6 4. Be3 a6 5. Qd2 b5 6. a3 Bb7 7. Bd3 Nd7 8. Nge2 c5 9. dxc5 Nxc5 10. O-O Nf6 11. f3 O-O 12. Ng3 Nxd3 13. cxd3 Nd7 14. Bh6 Nc5 15. Bxg7 Kxg7 16. Rad1 Nb3 17. Qe3 Qc7 18. Kh1 h6 19. f4 e6 20. f5 exf5 21. exf5 Qc6 22. f6+ Kh7 23. Nce4 Rae8 24. Rf4 Re5 25. d4 Qc2 26. Rg1 g5 27. Rg4 Rd5 28. Nc3 Rxd4 29. Rxd4 Nxd4 30. Qxd4 Re8 31. Nd5 Re5 32. Ne3 Qf2 33. Ngf1 Re6 34. Qd3+ Be4 35. Qd2 Qxf6 36. Ng3 Bg6 37. Rf1 Qd8 38. Nd5 f5 39. Nxf5 Qf8 40. Ng3 Qd8 41. Qf2 Qa8 42. Nf6+ Kg7 43. Qd4 Qb7 44. Ngh5+ Bxh5 45. Nxh5+ Kg6 46. Qd3+ Kxh5 47. Qh3+ 1-0

[Event "10.Città di Padova Open A"]
[Site "Padova Ex Fornace Carotta"]
[Date "2007.12.22"]
[Round "8.13"]
[White "Moratto, Davide"]
[Black "Opacic, Alexandar"]
[Result "1/2-1/2"]
[WhiteElo "1855"]
[BlackElo "2109"]
[Annotator "Gabriele Ballarin"]
[PlyCount "139"]
[EventDate "2007.12.15"]
[EventType "swiss"]
[EventRounds "9"]
[EventCountry "ITA"]

1. e4 c5 2. Nf3 e6 3. b3 d6 4. Bb5+ Bd7 5. Bxd7+ Nxd7 6. Bb2 Ngf6 7. d3 Be7 8. O-O O-O 9. Nbd2 Qc7 10. a4 Rfe8 11. Re1 e5 12. Nf1 Bf8 13. Ne3 b6 14. c4 g6 15. Nd5 Nxd5 16. cxd5 Bh6 17. Bc1 Bxc1 18. Qxc1 Qd8 19. Qh6 Qf6 20. Re3 Qg7 21. Qxg7+ Kxg7 22. h3 a6 23. Ree1 Kf8 24. Nd2 b5 25. axb5 axb5 26. Kf1 f5 27. f3 Nb6 28. g4 Ke7 29. Ke2 Kf6 30. h4 b4 31. g5+ Ke7 32. Nc4 Nxc4 33. dxc4 fxe4 34. fxe4 Reb8 35. Kd2 Rf8 36. Ke3 Ra3 37. Rxa3 bxa3 38. Ra1 Rf4 39. Rxa3 Rxh4 40. Ra7+ Kd8 41. Rb7 h6 42. gxh6 Rxh6 43. Rb6 g5 44. b4 Rh3+ 45. Ke2 cxb4 46. Rxb4 Kc7 47. Ra4 Kb6 48. Ra8 Kc5 49. Rg8 Kxc4 50. Rxg5 Kd4 51. Rg6 Rh2+ 52. Kf3 Kc5 53. Re6 Ra2 54. Rh6 Ra6 55. Ke2 Kd4 56. Kf3 Rb6 57. Re6 Rb3+ 58. Kf2 Kxe4 59. Rxd6 Rb2+ 60. Kg3 Rb5 61. Kf2 Kd4 62. Ra6 Rxd5 63. Ra3 Ke4 64. Re3+ Kd4 65. Ke2 e4 66. Ra3 Rc5 67. Ra4+ Ke5 68. Ra8 Rc2+ 69. Ke3 Rc3+ 70. Ke2 1/2-1/2

[Event "10.Città di Padova Open A"]
[Site "Padova Ex Fornace Carotta"]
[Date "2007.12.22"]
[Round "8.14"]
[White "Chiesa, Roberto"]
[Black "Stiz, Massimiliano"]
[Result "0-1"]
[WhiteElo "1709"]
[BlackElo "2086"]
[Annotator "Gabriele Ballarin"]
[PlyCount "84"]
[EventDate "2007.12.15"]
[EventType "swiss"]
[EventRounds "9"]
[EventCountry "ITA"]

1. Nf3 f5 2. d4 Nf6 3. Bf4 e6 4. e3 b6 5. Bd3 Be7 6. h3 Bb7 7. Nbd2 d6 8. Qe2 Ne4 9. c3 Nd7 10. Bc4 d5 11. Bd3 Bf6 12. g4 c5 13. gxf5 exf5 14. Rg1 Qe7 15. Bb5 O-O 16. Bxd7 Qxd7 17. Ne5 Qe7 18. Ndf3 a5 19. Qf1 cxd4 20. exd4 Ba6 21. Qg2 Rac8 22. Ng5 Nxg5 23. Bxg5 Bxg5 24. Qxg5 Qxg5 25. Rxg5 b5 26. Kd2 Rc7 27. a3 g6 28. h4 Rg7 29. Rag1 b4 30. axb4 axb4 31. h5 bxc3+ 32. bxc3 Rb7 33. hxg6 h6 34. Rh5 Rb2+ 35. Ke3 f4+ 36. Kf3 Be2+ 37. Kg2 Bxh5 38. Rh1 Be2 39. Rxh6 Rf5 40. Nd7 Kg7 41. Rh4 Rg5+ 42. Kh2 Rh5 0-1

[Event "10.Città di Padova Open A"]
[Site "Padova Ex Fornace Carotta"]
[Date "2007.12.22"]
[Round "8.15"]
[White "Topollaj, Mark"]
[Black "Faccia, Sergio"]
[Result "0-1"]
[WhiteElo "1413"]
[BlackElo "2071"]
[Annotator "Gabriele Ballarin"]
[PlyCount "85"]
[EventDate "2007.12.15"]
[EventType "swiss"]
[EventRounds "9"]
[EventCountry "ITA"]

1. e4 e5 2. Bc4 Bc5 3. Nf3 Nc6 4. d3 Nf6 5. h3 d6 6. Nc3 Na5 7. Bb3 Nxb3 8. axb3 c6 9. Na4 Bb4+ 10. c3 Ba5 11. b4 Bc7 12. b3 b5 13. Nb2 d5 14. Qe2 O-O 15. Bg5 Qd6 16. Bxf6 Qxf6 17. c4 Be6 18. Nd1 a5 19. cxb5 cxb5 20. Qc2 Rfc8 21. O-O Bd6 22. Qb2 Bxb4 23. Rc1 Rxc1 24. Qxc1 dxe4 25. dxe4 Bxb3 26. Ne3 Qe6 27. Qb2 f6 28. Rb1 Ba2 29. Rc1 Bb3 30. Rc7 Bf8 31. Qc1 a4 32. Rc6 Qd7 33. Rc7 Qd3 34. Qc6 Rd8 35. Qb7 Be6 36. Nh4 Rd7 37. Rxd7 Qxd7 38. Qb6 a3 39. Qa5 a2 40. Nhf5 g6 41. Ng3 Qd4 42. Nc2 Qd1+ 43. Ne1 0-1

[Event "10.Città di Padova Open A"]
[Site "Padova Ex Fornace Carotta"]
[Date "2007.12.23"]
[Round "8.15"]
[White "Pichierri, Gianmatteo"]
[Black "Conflitti, Alessandro"]
[Result "1-0"]
[WhiteElo "1569"]
[BlackElo "1664"]
[Annotator "Gabriele Ballarin"]
[PlyCount "69"]
[EventDate "2007.12.15"]
[EventType "swiss"]
[EventRounds "9"]
[EventCountry "ITA"]

1. e4 e6 2. d4 d5 3. exd5 exd5 4. Bd3 Bd6 5. c3 Nc6 6. Ne2 Nge7 7. Qc2 Be6 8. Bf4 Ng6 9. Bxd6 Qxd6 10. Nd2 Nf4 11. Nxf4 Qxf4 12. a4 g6 13. b4 O-O 14. O-O Rfe8 15. a5 Ne7 16. Rfe1 Bf5 17. Bxf5 Nxf5 18. Nf3 f6 19. a6 bxa6 20. Qa4 Nd6 21. Qc6 Qf5 22. Qxc7 Ne4 23. Rxa6 Rac8 24. Qxa7 Nd2 25. Rxe8+ Rxe8 26. Nxd2 Re1+ 27. Nf1 Re2 28. Qb8+ Kg7 29. Qg3 Qb1 30. Ra8 Re1 31. Ra7+ Kf8 32. Qb8+ Re8 33. Qd6+ Kg8 34. Qxd5+ Kh8 35. Qf7 1-0

[Event "10.Città di Padova Open A"]
[Site "Padova Ex Fornace Carotta"]
[Date "2007.12.22"]
[Round "8.16"]
[White "Rossi, Giampiero"]
[Black "Belloni, Umberto"]
[Result "1-0"]
[WhiteElo "1991"]
[BlackElo "1912"]
[Annotator "Gabriele Ballarin"]
[PlyCount "65"]
[EventDate "2007.12.15"]
[EventType "swiss"]
[EventRounds "9"]
[EventCountry "ITA"]

1. d4 d5 2. c4 c6 3. cxd5 cxd5 4. Nc3 e6 5. Nf3 Nd7 6. Bf4 Qa5 7. e3 a6 8. Bd3 Be7 9. O-O f5 10. Qb3 Ngf6 11. Rfc1 Qb6 12. Qxb6 Nxb6 13. Bc7 Bd8 14. Bxd8 Kxd8 15. Ne5 Nfd7 16. Nf7+ Ke7 17. Nxh8 Nf6 18. a4 Bd7 19. a5 Nc8 20. Na4 Nd6 21. Nb6 Rxh8 22. Rc7 Rd8 23. Rac1 Nfe8 24. Rxd7+ Rxd7 25. Nxd7 Kxd7 26. f3 Nf6 27. Kf2 Kd8 28. b4 Kd7 29. Rc5 Kd8 30. b5 Nd7 31. bxa6 bxa6 32. Rc6 Ke7 33. Rxa6 1-0

[Event "10.Città di Padova Open A"]
[Site "Padova Ex Fornace Carotta"]
[Date "2007.12.22"]
[Round "8.17"]
[White "De Marchi, Alessandro"]
[Black "Lodi, Paolo"]
[Result "0-1"]
[WhiteElo "1719"]
[BlackElo "1465"]
[Annotator "Gabriele Ballarin"]
[PlyCount "36"]
[EventDate "2007.12.15"]
[EventType "swiss"]
[EventRounds "9"]
[EventCountry "ITA"]

1. Nf3 Nc6 2. g3 e5 3. d3 d5 4. Bg2 f6 5. Nbd2 Be6 6. O-O Qd7 7. a3 g5 8. b4 h5 9. h4 gxh4 10. Nxh4 Nce7 11. e4 O-O-O 12. exd5 Bxd5 13. Ne4 b6 14. c4 Be6 15. Be3 Qxd3 16. Qa4 Kb8 17. Qd1 Qxd1 18. Raxd1 Rxd1 0-1

[Event "10.Città di Padova Open A"]
[Site "Padova Ex Fornace Carotta"]
[Date "2007.12.22"]
[Round "8.18"]
[White "Conflitti, Alessandro"]
[Black "Fortunato, Lorenzo"]
[Result "1-0"]
[WhiteElo "1664"]
[BlackElo "1440"]
[Annotator "Gabriele Ballarin"]
[PlyCount "121"]
[EventDate "2007.12.15"]
[EventType "swiss"]
[EventRounds "9"]
[EventCountry "ITA"]

1. e4 e5 2. Nf3 Nc6 3. Nc3 Nf6 4. d4 exd4 5. Nxd4 Nxd4 6. Qxd4 b6 7. Bg5 Bc5 8. Qd2 h6 9. Bh4 Be7 10. O-O-O g5 11. Bg3 g4 12. Bc4 Bb7 13. f3 Nh5 14. Kb1 Nxg3 15. hxg3 gxf3 16. gxf3 Bf8 17. Qf4 Rh7 18. Qf5 Rg7 19. Rxh6 Qe7 20. Nd5 Bxd5 21. Bxd5 O-O-O 22. Rf6 Rxg3 23. Rxf7 Qc5 24. Qf4 Rg1 25. Qd2 Bh6 26. f4 Qe3 27. Qxe3 Rxd1+ 28. Qc1 Rxc1+ 29. Kxc1 Re8 30. Rf6 Bg7 31. Rg6 Bd4 32. f5 c6 33. Bb3 Rxe4 34. f6 Rf4 35. f7 Kd8 36. Rg8+ Ke7 37. Re8+ Kd6 38. f8=Q+ Rxf8 39. Rxf8 Kc5 40. Rf5+ d5 41. c3 Be3+ 42. Kc2 b5 43. a4 a5 44. axb5 Kxb5 45. c4+ Kb4 46. cxd5 cxd5 47. Bxd5 a4 48. Ba2 Bc5 49. Rxc5 Kxc5 50. Kc3 Kb5 51. Bc4+ Ka5 52. Bd3 a3 53. bxa3 Ka4 54. Kb2 Ka5 55. Kb3 Kb6 56. Kb4 Kb7 57. Kb5 Ka7 58. a4 Kb7 59. a5 Ka7 60. Be4 Kb8 61. Kb6 1-0

[Event "10.Città di Padova Open A"]
[Site "Padova Ex Fornace Carotta"]
[Date "2007.12.22"]
[Round "8.19"]
[White "Zanini, Andrea"]
[Black "Pichierri, Gianmatteo"]
[Result "0-1"]
[WhiteElo "1646"]
[BlackElo "1569"]
[Annotator "Gabriele Ballarin"]
[PlyCount "92"]
[EventDate "2007.12.15"]
[EventType "swiss"]
[EventRounds "9"]
[EventCountry "ITA"]

1. d4 d5 2. Nf3 Bf5 3. e3 e6 4. Bd3 Bxd3 5. Qxd3 Nd7 6. Nbd2 Ngf6 7. c3 c5 8. e4 dxe4 9. Nxe4 Be7 10. Be3 Qc7 11. Nxf6+ Bxf6 12. O-O O-O 13. Rfe1 Rfd8 14. Qc2 cxd4 15. Bxd4 Bxd4 16. Nxd4 Nf6 17. Rad1 Rd5 18. Qa4 Rad8 19. Nf3 h6 20. h3 a6 21. Qb3 R8d6 22. Rxd5 Rxd5 23. Rd1 Rxd1+ 24. Qxd1 Qb6 25. b3 Ne4 26. Qd4 Qxd4 27. cxd4 Nc3 28. a3 Kf8 29. Kf1 Ke7 30. Ke1 Kd6 31. a4 Nd5 32. g3 b5 33. axb5 axb5 34. Kd2 Nf6 35. Ke3 Nd7 36. h4 e5 37. Nxe5 Nxe5 38. dxe5+ Kxe5 39. Kd3 Kd5 40. b4 h5 41. f3 f5 42. f4 g6 43. Ke3 Kc4 44. g4 hxg4 45. h5 gxh5 46. Kf2 Kxb4 0-1

[Event "10.Città di Padova Open A"]
[Site "Padova Ex Fornace Carotta"]
[Date "2007.12.23"]
[Round "9.3"]
[White "Lazic, Miroljub"]
[Black "Okhotnik, Vladimir"]
[Result "1-0"]
[WhiteElo "2492"]
[BlackElo "2433"]
[Annotator "Gabriele Ballarin"]
[PlyCount "77"]
[EventDate "2007.12.15"]
[EventType "swiss"]
[EventRounds "9"]
[EventCountry "ITA"]

1. e4 c5 2. Nc3 e6 3. f4 d5 4. Bb5+ Nc6 5. Nf3 Nge7 6. exd5 Nxd5 7. d3 Be7 8. Bxc6+ bxc6 9. Ne4 Qb6 10. c4 Nf6 11. O-O O-O 12. Qe2 Rd8 13. Ne5 Nxe4 14. dxe4 f6 15. Nf3 a5 16. Be3 Ra7 17. Rfd1 Rad7 18. Rxd7 Rxd7 19. Rc1 Rb7 20. Rc2 Bd7 21. e5 Be8 22. exf6 gxf6 23. Bd2 Bf7 24. Bc3 Rd7 25. Ng5 fxg5 26. Qe5 Rd4 27. Rd2 Bd6 28. Qxg5+ Bg6 29. Qf6 Qa7 30. Bxd4 cxd4 31. Qxe6+ Kg7 32. Qxd6 d3+ 33. c5 Qf7 34. b3 a4 35. Qd4+ Kh6 36. bxa4 Qe6 37. Kf2 Qg4 38. Qe3 Qh4+ 39. Qg3 1-0

[Event "10.Città di Padova Open A"]
[Site "Padova Ex Fornace Carotta"]
[Date "2007.12.23"]
[Round "9.4"]
[White "Kizov, Atanas"]
[Black "Mrdja, Milan"]
[Result "1-0"]
[WhiteElo "2396"]
[BlackElo "2408"]
[Annotator "Gabriele Ballarin"]
[PlyCount "40"]
[EventDate "2007.12.15"]
[EventType "swiss"]
[EventRounds "9"]
[EventCountry "ITA"]

1. d4 g6 2. Nf3 Bg7 3. c4 c5 4. d5 d6 5. e4 Nf6 6. Nc3 O-O 7. h3 e6 8. Bg5 exd5 9. cxd5 Re8 10. Bd3 c4 11. Bc2 b5 12. a3 a6 13. O-O Nbd7 14. Qd2 Qc7 15. Rfe1 Bb7 16. Rad1 Nc5 17. Qf4 Nfd7 18. Qh4 f6 19. Be3 Re7 20. Rd2 Rae8 1-0

[Event "10.Città di Padova Open A"]
[Site "Padova Ex Fornace Carotta"]
[Date "2007.12.23"]
[Round "9.5"]
[White "Quaranta, Cristiano"]
[Black "Sgaravatti, Francesco"]
[Result "0-1"]
[WhiteElo "2070"]
[BlackElo "2175"]
[Annotator "Gabriele Ballarin"]
[PlyCount "82"]
[EventDate "2007.12.15"]
[EventType "swiss"]
[EventRounds "9"]
[EventCountry "ITA"]

1. Nf3 f5 2. c4 Nf6 3. g3 d6 4. d4 g6 5. Bg2 Bg7 6. O-O O-O 7. Nc3 Qe8 8. d5 Na6 9. Rb1 c5 10. b3 Nc7 11. a4 h6 12. e3 g5 13. Ne2 b6 14. Qc2 Bd7 15. Bb2 a6 16. Ra1 Qh5 17. Ra2 Kh8 18. Re1 Rg8 19. Nd2 Raf8 20. Nf1 Ng4 21. Bxg7+ Rxg7 22. f4 Qf7 23. Qd3 Rd8 24. Rd2 Nf6 25. Nc3 Rb8 26. Rb1 Rgg8 27. Rdb2 b5 28. Nd2 b4 29. Ne2 Rbd8 30. Rd1 Qg7 31. Ra2 Rdf8 32. Rf1 Qg6 33. Rc1 Nce8 34. Kf1 Nh5 35. Ke1 Nef6 36. Kd1 Ng4 37. Ke1 Nxh2 38. fxg5 Qxg5 39. Nf1 Nxf1 40. Kxf1 f4 41. Nxf4 Qxg3 0-1

[Event "10.Città di Padova Open A"]
[Site "Padova Ex Fornace Carotta"]
[Date "2007.12.23"]
[Round "9.6"]
[White "Pomaro, Alberto"]
[Black "Cardili, Mariano"]
[Result "1/2-1/2"]
[WhiteElo "2153"]
[BlackElo "2100"]
[Annotator "Gabriele Ballarin"]
[PlyCount "76"]
[EventDate "2007.12.15"]
[EventType "swiss"]
[EventRounds "9"]
[EventCountry "ITA"]

1. e4 e6 2. d4 d5 3. Nc3 Nf6 4. Bg5 Be7 5. e5 Nfd7 6. Bxe7 Qxe7 7. f4 O-O 8. Nf3 c5 9. Qd2 Nc6 10. dxc5 Qxc5 11. O-O-O Nb6 12. Nd4 Bd7 13. h4 Rac8 14. Ndb5 Na5 15. Nd6 Nbc4 16. Bxc4 Nxc4 17. Nxc4 Qxc4 18. f5 Kh8 19. Qf2 exf5 20. Rxd5 Be6 21. Rd4 Qc5 22. Re1 b5 23. Rf4 Qxf2 24. Rxf2 b4 25. Nb5 Rc5 26. Nd4 Rfc8 27. h5 a5 28. Kb1 g6 29. h6 Kg8 30. Rd2 Kf8 31. Nf3 Bd5 32. Ng5 Be4 33. Rd7 Rxc2 34. Rxf7+ Ke8 35. Nxe4 Kxf7 36. Nd6+ Ke6 37. Nxc8 Rxc8 38. Rd1 Rc7 1/2-1/2

[Event "10.Città di Padova Open A"]
[Site "Padova Ex Fornace Carotta"]
[Date "2007.12.23"]
[Round "9.7"]
[White "Manca, Federico"]
[Black "Rettore, Ludwig"]
[Result "1-0"]
[WhiteElo "2405"]
[BlackElo "2177"]
[Annotator "Gabriele Ballarin"]
[PlyCount "31"]
[EventDate "2007.12.15"]
[EventType "swiss"]
[EventRounds "9"]
[EventCountry "ITA"]

1. e4 e5 2. Nf3 Nc6 3. d4 exd4 4. Nxd4 Nf6 5. Nxc6 bxc6 6. e5 Qe7 7. Qe2 Nd5 8. c4 Ba6 9. b3 O-O-O 10. g3 g5 11. Bb2 Bg7 12. Nd2 Nb4 13. Nf3 g4 14. Nh4 Nd3+ 15. Qxd3 Bxe5 16. O-O-O 1-0

[Event "10.Città di Padova Open A"]
[Site "Padova Ex Fornace Carotta"]
[Date "2007.12.23"]
[Round "9.8"]
[White "Rossi, Carlo"]
[Black "Casciello, Dimitri"]
[Result "1-0"]
[WhiteElo "2342"]
[BlackElo "2017"]
[Annotator "Gabriele Ballarin"]
[PlyCount "61"]
[EventDate "2007.12.15"]
[EventType "swiss"]
[EventRounds "9"]
[EventCountry "ITA"]

1. Nc3 c5 2. Ne4 d6 3. f4 Nc6 4. Nf3 g6 5. Nf2 Bg7 6. e4 e6 7. g4 Nge7 8. c3 f5 9. gxf5 exf5 10. d3 fxe4 11. dxe4 d5 12. e5 Bf5 13. h4 Qa5 14. h5 gxh5 15. Rxh5 O-O-O 16. Rxf5 Nxf5 17. Bh3 Nce7 18. Nh4 Rhf8 19. Qh5 d4 20. Nxf5 Nxf5 21. Bxf5+ Kb8 22. Bd2 dxc3 23. bxc3 Rxd2 24. Kxd2 Rd8+ 25. Ke2 Qxc3 26. Rb1 Qc4+ 27. Kf3 Rg8 28. Be4 b6 29. Rd1 Qc3+ 30. Rd3 Qe1 31. Rd7 1-0

[Event "10.Città di Padova Open A"]
[Site "Padova Ex Fornace Carotta"]
[Date "2007.12.23"]
[Round "9.9"]
[White "Stiz, Massimiliano"]
[Black "Vuelban, Virgilio"]
[Result "0-1"]
[WhiteElo "2086"]
[BlackElo "2399"]
[Annotator "Gabriele Ballarin"]
[PlyCount "98"]
[EventDate "2007.12.15"]
[EventType "swiss"]
[EventRounds "9"]
[EventCountry "ITA"]

1. e4 c5 2. Nf3 Nc6 3. Bb5 e6 4. O-O Nge7 5. b3 a6 6. Bxc6 Nxc6 7. Bb2 d6 8. d3 Qc7 9. a4 b6 10. Nbd2 Rg8 11. Nc4 Bb7 12. d4 cxd4 13. Bxd4 Nxd4 14. Qxd4 d5 15. Qxb6 Qxb6 16. Nxb6 dxe4 17. Ne5 Rd8 18. Rfd1 Bc5 19. Rxd8+ Kxd8 20. Nbc4 Ke7 21. Rd1 Bd5 22. Ne3 Bxe3 23. fxe3 f6 24. c4 fxe5 25. cxd5 Rd8 26. d6+ Rxd6 27. Rc1 Rd3 28. Kf2 Rxb3 29. Rc6 Rb2+ 30. Kg3 Re2 31. Rxa6 Rxe3+ 32. Kf2 Ra3 33. a5 e3+ 34. Ke2 Ra2+ 35. Kf1 Kf6 36. Ra8 Kf5 37. a6 e2+ 38. Kf2 Ke4 39. a7 e1=Q+ 40. Kxe1 Ke3 41. Kd1 Rd2+ 42. Kc1 Rd7 43. Rh8 Rxa7 44. Rxh7 e4 45. Rh3+ Kf2 46. Rg3 e5 47. Kc2 Rf7 48. Kd2 g5 49. Ra3 e3+ 0-1

[Event "10.Città di Padova Open A"]
[Site "Padova Ex Fornace Carotta"]
[Date "2007.12.23"]
[Round "9.10"]
[White "De Santis, Alessio"]
[Black "Gallo, Enrico"]
[Result "1-0"]
[WhiteElo "2367"]
[BlackElo "2077"]
[Annotator "Gabriele Ballarin"]
[PlyCount "97"]
[EventDate "2007.12.15"]
[EventType "swiss"]
[EventRounds "9"]
[EventCountry "ITA"]

1. d4 d5 2. c4 e6 3. Nc3 Nf6 4. cxd5 exd5 5. Bg5 Be7 6. e3 O-O 7. Bd3 b6 8. Bxf6 Bxf6 9. Qh5 g6 10. Qxd5 c6 11. Qxd8 Rxd8 12. O-O-O Be6 13. Nf3 Nd7 14. Rd2 b5 15. Kb1 Nb6 16. Ne4 Be7 17. Ne5 Bd5 18. Rc1 Rac8 19. Nf3 Nc4 20. Rdc2 a6 21. Ned2 Nxd2+ 22. Nxd2 Bxg2 23. Be4 Bh3 24. Bxc6 Bh4 25. Nf3 Bf6 26. Be4 Rxc2 27. Rxc2 Re8 28. Bd3 Bg4 29. Nd2 Bh4 30. Ne4 f5 31. Nc5 f4 32. e4 Bd1 33. Rd2 Bf3 34. e5 Ra8 35. Be4 Bxe4+ 36. Nxe4 Be7 37. Kc2 Kf7 38. Kd3 Rc8 39. Rc2 Rxc2 40. Kxc2 Ke6 41. f3 Kd5 42. Kd3 b4 43. h3 h5 44. Nf6+ Bxf6 45. exf6 Ke6 46. Ke4 g5 47. f7 Kxf7 48. Kf5 g4 49. hxg4 1-0

[Event "10.Città di Padova Open A"]
[Site "Padova Ex Fornace Carotta"]
[Date "2007.12.23"]
[Round "9.11"]
[White "Cedriano, Filippo"]
[Black "Panican, Gheorghe"]
[Result "1-0"]
[WhiteElo "2016"]
[BlackElo "2104"]
[Annotator "Gabriele Ballarin"]
[PlyCount "105"]
[EventDate "2007.12.15"]
[EventType "swiss"]
[EventRounds "9"]
[EventCountry "ITA"]

1. e4 c5 2. Nf3 d6 3. Bb5+ Bd7 4. a4 Nc6 5. O-O Nf6 6. Re1 g6 7. Nc3 Bg7 8. d3 O-O 9. h3 e5 10. Bg5 h6 11. Bxf6 Bxf6 12. Nd5 Bg7 13. c3 Kh7 14. Nh2 f5 15. exf5 gxf5 16. f4 Qh4 17. Nf3 Qg3 18. Qd2 Rae8 19. Qf2 exf4 20. Nc7 Rxe1+ 21. Rxe1 Bf6 22. Re2 Rg8 23. Bc4 Rc8 24. Nd5 Bg7 25. Ne7 Rf8 26. Bd5 Re8 27. Nxc6 Qxf2+ 28. Kxf2 Rxe2+ 29. Kxe2 bxc6 30. Bf7 Bf6 31. Nd2 Kg7 32. Bh5 Be5 33. Nc4 Kf6 34. Bf3 d5 35. Na5 Bd6 36. c4 Ke5 37. Nb7 Be7 38. b3 Bc8 39. Na5 Kd6 40. b4 cxb4 41. cxd5 cxd5 42. Nb3 Bf6 43. d4 Ba6+ 44. Kd2 Bc4 45. Kc2 Bxb3+ 46. Kxb3 a5 47. Bd1 Bxd4 48. Kc2 Ke5 49. Kd3 Bc3 50. Bb3 Be1 51. Ke2 Kd4 52. Kxe1 Kc3 53. Bxd5 1-0

[Event "10.Città di Padova Open A"]
[Site "Padova Ex Fornace Carotta"]
[Date "2007.12.23"]
[Round "9.12"]
[White "Faccia, Sergio"]
[Black "Battagin_214, Mosè"]
[Result "0-1"]
[WhiteElo "2071"]
[BlackElo "1701"]
[Annotator "Gabriele Ballarin"]
[PlyCount "68"]
[EventDate "2007.12.15"]
[EventType "swiss"]
[EventRounds "9"]
[EventCountry "ITA"]

1. e4 d6 2. d4 Nf6 3. Nc3 g6 4. f4 Bg7 5. Nf3 O-O 6. e5 Nfd7 7. h4 c5 8. h5 cxd4 9. hxg6 dxc3 10. gxf7+ Rxf7 11. Bc4 e6 12. Ng5 Nxe5 13. fxe5 cxb2 14. Bxb2 Qa5+ 15. Qd2 Qxd2+ 16. Kxd2 Rf2+ 17. Kc1 d5 18. Bd3 h6 19. Nh7 Nc6 20. Nf6+ Kf8 21. Bg6 b5 22. a4 b4 23. Ng4 Rxg2 24. Rf1+ Kg8 25. Nf6+ Bxf6 26. Rxf6 Nd8 27. Bd4 Kg7 28. Be8 Ba6 29. Be3 Rc8 30. Bxh6+ Kh7 31. Bd2 Bd3 32. Bxb4 Rcxc2+ 33. Kd1 Rg1+ 34. Be1 Re2 0-1